| 000 | 00455nam a2200193Ia 4500 | ||
|---|---|---|---|
| 005 | 20240823010043.0 | ||
| 008 | 240823s9999||||xx |||||||||||||| ||und|| | ||
| 041 | _aENGLISH | ||
| 082 | _A620.1 N9 | ||
| 100 | _aBhavikatti S S | ||
| 245 | 0 | _aEngineering Mechanics | |
| 250 | _a1st-Re | ||
| 260 |
_c1999 _b"New Age,New Delhi" |
||
| 500 | _aYES | ||
| 650 |
_aMechanics _bMechanical |
||
| 700 | _a Rajeshekarappa K G | ||
| 942 | _cBK | ||
| 999 |
_c157500 _d157500 |
||